| 000 | 00000nam##2200000za#4500 |
| 001 | 9.574181 |
| 003 | CaOODSP |
| 005 | 20210624184047 |
| 007 | cr ||||||||||| |
| 008 | 150406|2005||||xxc|||||o f|0| 0 eng|d |
| 022 | |a1488-5379 |
| 040 | |aCaOODSP|beng |
| 043 | |an-cn--- |
| 086 | 1 |aFs97-6/2593E-PDF |
| 110 | 1 |aCanada. |bDepartment of Fisheries and Oceans. |
| 245 | 13|aAn integrated approach to rebuilding Stave River chum using harvest reduction, hatchery augmentation, flow control and habitat improvement / |h[electronic resource]|cby D.D. Bailey, A.Y. Fedorenko, and R.J. Cook. |
| 260 | |aVancouver - British Columbia : |bFisheries and Oceans Canada |cc2005. |
| 300 | |a40p.|bgraphs, maps, references, tables |
| 490 | 1 |aCanadian technical report of fisheries and aquatic sciences|x1488-5379|vNo. 2593 |
| 500 | |aThe catalogue number (Fs97-6/2593E) and ISSN (0706-6457) for the print edition have been incorrectly copied in this electronic publication. |
| 546 | |a(Résumé en français) |
| 590 | |a12-23-Supp|b2012-05-28 |
| 720 | 1 |aBailey, D. D. |
| 720 | 1 |aFedorenko, A. Y. |
| 720 | 1 |aCook, R. J. |
| 776 | 0#|tAn integrated approach to rebuilding Stave River chum using harvest reduction, hatchery augmentation, flow control and habitat improvement / |w(CaOODSP)9.617788 |
| 830 | #0|aCanadian technical report of fisheries and aquatic sciences,|x1488-5379|vNo. 2593|w(CaOODSP)9.504449 |
| 856 | 40|ahttp://publications.gc.ca|qPDF|s374 KB|uhttps://publications.gc.ca/collections/collection_2012/mpo-dfo/Fs97-6-2593-eng.pdf|yNo. 2593 |